Islamic Liberalism : (Record no. 13299)
[ view plain ]
| 000 -LEADER | |
|---|---|
| fixed length control field | 01312pam a2200325 a 4500 |
| 001 - CONTROL NUMBER | |
| control field | 1019401 |
| 005 - DATE AND TIME OF LATEST TRANSACTION | |
| control field | 20161121121311.0 |
| 008 - FIXED-LENGTH DATA ELEMENTS--GENERAL INFORMATION | |
| fixed length control field | 880217s1988 ilu |rb 001 0 eng |
| 010 ## - LIBRARY OF CONGRESS CONTROL NUMBER | |
| LC control number | 88005455 |
| 020 ## - INTERNATIONAL STANDARD BOOK NUMBER | |
| International Standard Book Number | 0226051471 (pbk.) |
| 040 ## - CATALOGING SOURCE | |
| Original cataloging agency | DLC |
| Transcribing agency | DLC |
| Modifying agency | DLC |
| 043 ## - GEOGRAPHIC AREA CODE | |
| Geographic area code | ma----- |
| 050 00 - LIBRARY OF CONGRESS CALL NUMBER | |
| Classification number | BP63.A4 |
| Item number | A723 1988 |
| 082 00 - DEWEY DECIMAL CLASSIFICATION NUMBER | |
| Classification number | 320.51097671 |
| Edition number | 22 |
| Item number | BIN |
| 100 1# - MAIN ENTRY--PERSONAL NAME | |
| Personal name | Binder, Leonard. |
| 9 (RLIN) | 11026 |
| 245 10 - TITLE STATEMENT | |
| Title | Islamic Liberalism : |
| Remainder of title | A Critique of Development Ideologies/ |
| Statement of responsibility, etc | Leonard Binder |
| 260 ## - PUBLICATION, DISTRIBUTION, ETC. (IMPRINT) | |
| Place of publication, distribution, etc | Chicago : |
| Name of publisher, distributor, etc | University of Chicago Press, 1988 |
| Date of publication, distribution, etc | c1988. |
| 300 ## - PHYSICAL DESCRIPTION | |
| Extent | 399 p. ; |
| Dimensions | 24 cm. |
| 504 ## - BIBLIOGRAPHY, ETC. NOTE | |
| Bibliography, etc | Includes bibliographical references p. 361-384 and indexes. |
| 650 #0 - SUBJECT ADDED ENTRY--TOPICAL TERM | |
| Topical term or geographic name as entry element | Islam |
| Geographic subdivision | Arab countries. |
| 9 (RLIN) | 11027 |
| 650 #0 - SUBJECT ADDED ENTRY--TOPICAL TERM | |
| Topical term or geographic name as entry element | Islam |
| Chronological subdivision | 20th century. |
| 9 (RLIN) | 11028 |
| 650 #0 - SUBJECT ADDED ENTRY--TOPICAL TERM | |
| Topical term or geographic name as entry element | Islam and politics. |
| 9 (RLIN) | 11029 |
| 650 #0 - SUBJECT ADDED ENTRY--TOPICAL TERM | |
| Topical term or geographic name as entry element | Liberalism |
| Geographic subdivision | Islamic countries. |
| 9 (RLIN) | 11031 |
| 651 #0 - SUBJECT ADDED ENTRY--GEOGRAPHIC NAME | |
| Geographic name | Arab countries |
| General subdivision | Intellectual life. |
| 9 (RLIN) | 11032 |
| 650 #0 - SUBJECT ADDED ENTRY--TOPICAL TERM | |
| 9 (RLIN) | 11030 |
| Topical term or geographic name as entry element | Political science |
| Geographic subdivision | Arab countries |
| General subdivision | History |
| 856 42 - ELECTRONIC LOCATION AND ACCESS | |
| Materials specified | Contributor biographical information |
| Uniform Resource Identifier | <a href="http://www.loc.gov/catdir/enhancements/fy0609/88005455-b.html">http://www.loc.gov/catdir/enhancements/fy0609/88005455-b.html</a> |
| 856 42 - ELECTRONIC LOCATION AND ACCESS | |
| Materials specified | Publisher description |
| Uniform Resource Identifier | <a href="http://www.loc.gov/catdir/enhancements/fy0608/88005455-d.html">http://www.loc.gov/catdir/enhancements/fy0608/88005455-d.html</a> |
| 856 41 - ELECTRONIC LOCATION AND ACCESS | |
| Materials specified | Table of contents only |
| Uniform Resource Identifier | <a href="http://www.loc.gov/catdir/enhancements/fy0608/88005455-t.html">http://www.loc.gov/catdir/enhancements/fy0608/88005455-t.html</a> |
| 942 ## - ADDED ENTRY ELEMENTS (KOHA) | |
| Source of classification or shelving scheme | Dewey Decimal Classification |
| Item type | Book - Borrowing |
| Withdrawn status | Item status | Source of classification or shelving scheme | Damaged status | Not for loan | Vendor | Home library | Current library | Shelving location | Date acquired | Source of acquisition | Cost, normal purchase price | Serial Enumeration / chronology | Total Checkouts | Total Renewals | Full call number | Barcode | Date last seen | Date last borrowed | Cost, replacement price | Koha item type |
|---|---|---|---|---|---|---|---|---|---|---|---|---|---|---|---|---|---|---|---|---|
| Dewey Decimal Classification | AUC | Central Library | Central Library | First floor | 07/02/2010 | 20.00 | 2 | 10 | 49 | 320.51097671 BIN | 000019622 | 15/07/2025 | 21/05/2019 | 20.00 | Book - Borrowing |